[Event "Linares 16th"]
[Site "Linares"]
[Date "1999.03.09"]
[Round "13"]
[White "Adams, Michael"]
[Black "Kramnik, Vladimir"]
[Result "1/2-1/2"]
[WhiteElo "2716"]
[BlackElo "2751"]
[Annotator "Tsesarsky,I"]
[PlyCount "122"]
[EventDate "1999.02.21"]
[EventType "tourn"]
[EventRounds "14"]
[EventCountry "ESP"]
[EventCategory "20"]
[SourceTitle "CBM 070"]
[Source "ChessBase"]
[SourceDate "1999.06.08"]
[SourceVersion "1"]
[SourceVersionDate "1999.06.08"]
[SourceQuality "1"]

{[%mdl 4352]} 1. e4 {Hecht} e5 2. Nf3 Nf6 3. Nc3 Nc6 4. Bb5 Nd4 5. Ba4 c6 6.
Nxe5 d6 7. Nd3 b5 (7... d5 $2 8. e5 (8. Nxd5 $1 Nxd5 (8... Nxe4 9. Nc3 Qh4 (
9... Nxc3 10. bxc3 (10. dxc3 Qa5 11. Be3 Nf5 12. Bb3 Nxe3 13. Qe2 Bc5 14. Nxc5
Qxc5 15. Qxe3+ Qxe3+ 16. fxe3 $14) 10... Qe7+ 11. Kf1 Ne6 12. Qf3 $16) 10. O-O
Bd6 (10... Bg4 11. Qe1 $1 (11. f3 $2 Bd6 12. h3 Nxc3 13. dxc3 (13. Qe1+ Nce2+
$19) (13. Re1+ Kf8 14. dxc3 Nxf3+ $19) 13... Nxf3+ $19) 11... Bf3 (11... Nf3+
12. gxf3 Bxf3 13. Nxe4 O-O-O 14. Bxc6 Qh3 15. Nf4 Qg4+ 16. Ng3 Bxc6 17. d3 g5
18. Ng2 Qf3 19. Ne3 $18) 12. Qe3 Bd6 13. g3 Qh3 14. Ne1 $18) 11. g3 Nxc3 (11...
Nxg3 12. hxg3 Bxg3 13. Qe1+ $1 $18) 12. dxc3 Nf3+ 13. Qxf3 Qxa4 14. Re1+ Be6
15. b3 $16) 9. exd5 b5 10. Bb3 Qe7+ 11. Kf1 Nxb3 12. axb3 cxd5 13. Nf4 Bb7 14.
d4 $16) 8... Ne4 9. O-O b5 10. Bb3 a5 11. a4 b4 12. Ne2 Nxb3 13. cxb3 Ba6 14.
Ndf4 d4 (14... g5 15. Nh3 Nc5 16. d4 Ne6 (16... Bxe2 $6 17. Qxe2 Nxb3 18. e6 $1
(18. Bxg5 Nxd4 19. Qd3 Qb6 20. Be3 c5 21. Bxd4 cxd4 $16) 18... Qf6 19. Bxg5 $16
) 17. Be3 c5 18. dxc5 d4 (18... Rc8 19. Rc1 g4 20. Nhf4 Nxf4 21. Nxf4 Bxf1 22.
Kxf1 $16) 19. Nxd4 Nxd4 20. Qxd4 Bxf1 21. Qxd8+ Rxd8 22. Kxf1 h6 $132) 15. d3
Nc5 16. Ng3 $132 {1-0 Movsesian,S-Lalic,B/Elista RUS 1998 (23)}) 8. Bb3 a5 9.
a3 d5 (9... Qb6 $2 $16 10. Nf4 {[%csl Gc1][%cal Gd2d3] 1-0 Najer,E-Gutov,A/
Moscow 1999/CBM 70_07/[Tsesarsky] (27)}) (9... Ba6 10. Ba2 (10. Nf4 b4 11. Nce2
Nxb3 12. cxb3 Nxe4 13. Qc2 Nc5 14. d4 Nd7 15. Qxc6 Bxe2 16. Nxe2 Rc8 17. Qd5
Be7 18. O-O $16) 10... b4 11. Ne2 Qb6 (11... Nxe2 12. Qxe2 bxa3 13. bxa3 Qe7
14. f3 Rb8 15. Rb1 Rxb1 16. Bxb1 $16) 12. axb4 axb4 13. Bc4 $1 $16 {1-0
Olaizola Ortega,L-Lezcano Jaen,P/Linares ESP 1998 (30)}) (9... Nxb3 $5 10. cxb3
Be7 11. O-O O-O 12. Nf4 Ba6 13. Re1 b4 14. axb4 axb4 15. Na4 Re8 16. d3 Bf8 $14
{1-0 Yin Hao-Stern,R/Rotterdam NED 1998 (65)}) 10. e5 Ne4 11. O-O Nc5 12. Nxc5
Bxc5 13. Kh1 O-O 14. Ne2 a4 15. Ba2 f6 16. Nxd4 (16. exf6 $2 Qxf6 17. Ng3 Qh4
18. d3 (18. c3 Bg4 19. f3 Bd6 20. fxg4 Bxg3 21. h3 Nc2 $1 22. Rb1 Rxf1+ 23.
Qxf1 Re8 $19) 18... Bg4 19. f3 Bd6 20. Bg5 Qxg5 21. Ne4 Qh6 22. Nxd6 Bxf3 23.
gxf3 Qxd6 $17) 16... Bxd4 17. c3 Bxe5 18. d4 $11 Bb8 (18... Bd6 $11) 19. Bb1 {
Almost complete symmetry!} Ra7 20. Qf3 {[%cal Gc1f4]} (20. Qh5 g6 21. Qf3 g5) (
20. Bd3 Re7 21. Re1 $11) 20... g5 $1 {[%csl Rf4]} 21. Qh5 Qe8 $15 22. Qxe8 Rxe8
23. Bd3 (23. Be3 Rae7 24. Bd3 Kg7 (24... Bg4 25. h3 Bh5 26. Rae1 (26. g4 Bg6
27. Bxg6 hxg6 28. Kg2 Bd6 (28... f5 29. Bxg5 Re2 30. Rab1 Bd6 (30... Rc2 31.
Rfe1 Rxe1 32. Rxe1 Rxb2 33. Re8+ $18) 31. Kf3 Rc2 32. gxf5 gxf5 33. Rfc1 Ree2
34. Rxc2 Rxc2 35. Rg1 Kf7 36. Bc1 $14) 29. Kf3 Kf7 30. Rh1 $11) 26... Kg7 27.
Bd2 Be2 28. Bxe2 Rxe2 29. g4 Bf4 30. Rxe2 Rxe2 31. Bxf4 gxf4 $19) 25. Bd2 (25.
Rfe1 Bf4 $17)) 23... Bg4 24. Bd2 Be2 (24... Rae7 25. Rfe1 (25. Rae1 Be2 $17 {
[%csl Rf1]}) 25... Be2 26. Bf5 {Like in this game.}) 25. Rfe1 Rae7 26. Bf5 $1
Kg7 (26... Bd6 27. Kg1 c5 28. Be3 Bc4 29. dxc5 Bxc5 30. Bd7 $3 Rxd7 31. Bxc5
$11) 27. Kg1 h5 28. g3 $1 {[%csl Gf4] f4 is very important square!} (28. h3 Bd6
{[%cal Gc6c5]} 29. Be3 Bc4 30. g4 (30. g3 Bxg3 $17) 30... hxg4 (30... h4 31.
Kg2 Bf4 32. Kf3 $11) 31. hxg4 Bf4 32. Kg2 Bxe3 33. Rxe3 Rxe3 34. fxe3 Rxe3 $17)
28... Bd6 29. Be3 Bg4 30. Bd3 Bf3 31. Bd2 Be4 32. Bxe4 Rxe4 33. Rxe4 Rxe4 34.
Re1 g4 (34... Rxe1+ 35. Bxe1 Kg6 36. f3 g4 37. Kf2 Kf5 38. Bd2 c5 39. dxc5
Bxc5+ 40. Be3 $11) 35. Kg2 f5 36. f3 Rxe1 (36... gxf3+ 37. Kxf3 Kg6 (37... h4
38. Rf1 Kg6 (38... hxg3 39. hxg3 $11) 39. Bf4 Bxf4 40. gxf4 $11) 38. Re2 $11)
37. Bxe1 {Hecht: '[#] Gleichfarbige Läufer mit dem schlechten weißen Läufer.'}
f4 (37... Kf6 38. f4 h4 39. Kf2 h3 40. Ke3 c5 41. Kd3 Ke6 (41... b4 42. cxb4 (
42. dxc5 bxa3 43. bxa3 Bxc5 $19) 42... cxb4 43. axb4 (43. Bxb4 Bxf4 44. gxf4 g3
$19) 43... Ke6 44. Kc2 $1 (44. Bd2 Kd7 45. Kc2 Kc6 46. b3 a3 47. Kb1 Kb5 48.
Ka2 Bxb4 49. Be3 Be1 50. Bg1 Kb4 51. Be3 Bxg3 $19) (44. b5 Kd7 45. Ke3 Kc7 46.
Ba5+ Kb7 47. Kf2 (47. Bd8 Bb4 48. Ke2 Bc3 $19) 47... Bc7 48. Bxc7 Kxc7 49. Ke3
Kb6 50. Kd3 Kxb5 51. Kc3 Ka5 $19) 44... Kd7 45. b3 a3 46. Kb1 Kc6 47. Ka2 Kb5
48. Kxa3 $11) 42. Bf2 cxd4 43. Kxd4 (43. Bxd4 Kd7 (43... Bxf4 $4 44. gxf4 g3
45. Bg1 $18)) 43... Bb8 44. Kd3 Kd7 45. Be3 Kc6 46. Bf2 Bd6 47. Be3 Bc5 48. Bd4
$11 (48. Bxc5 Kxc5 49. Kd2 Kc4 50. Kc2 d4 51. cxd4 Kxd4 52. Kd2 Kc4 53. Kc2 b4
54. axb4 Kxb4 55. Kd2 Kb3 56. Kc1 a3 57. bxa3 Kxa3 58. Kc2 Kb4 (58... Ka2 59.
Kc3 Kb1 60. Kd4 Kc2 61. Ke5 Kd2 62. Kxf5 $18) 59. Kd3 Kc5 60. Kc3 $11)) 38. Bd2
$1 (38. h3 $2 h4 $1 39. hxg4 fxg3 $17) (38. gxf4 $2 Bxf4 $17 {[%csl Rb2]})
38... fxg3 39. hxg3 Kg6 40. fxg4 hxg4 {Hecht: '[#]'} 41. Bf4 (41. Be1 {Hecht}
Kf5 42. Kf2 Ke4 43. Ke2 c5 44. dxc5 (44. Bf2 cxd4 45. cxd4 Bc7 $19 {[%csl Rd4]
[%cal Rc7b6]}) 44... Bxc5 45. Bd2 Bd6 46. Be1 Be5 47. Bf2 b4 48. axb4 (48. Be1
b3 49. Bf2 Bxc3 $19) (48. cxb4 Bxb2 49. b5 Bxa3 50. Ba7 (50. b6 Bd6 51. b7 d4
$19) 50... d4 51. b6 Bc5 $19) 48... Bxc3 49. bxc3 a3 $19) 41... Be7 (41... Bxf4
42. gxf4 Kf6 43. Kf2 $11) 42. Kf2 c5 (42... Kf5 43. Ke3 c5 44. dxc5 Bxc5+ 45.
Kd3 Bb6 46. Bd6 Bf2 $11 (46... d4 47. cxd4 Ke6 48. Be5 Kd5 49. Ke3 Kc4 50. Ke4
Kb3 51. d5 $16)) 43. dxc5 (43. Ke3 {Hecht} c4 44. Ke2 Kf5 45. Ke3 Bd8 $22 {
Ist das wahr?!} 46. Kf2 (46. Bb8 Bg5+ 47. Ke2 Bc1 {[%csl Rb2]}) (46. Bh6 Bc7
47. Bf4 Bxf4+ 48. gxf4 g3 49. Kf3 g2 50. Kxg2 Kxf4 51. Kf2 $11) 46... Ke4 47.
Ke2 Be7 48. Be3 Bd6 49. Bf2 $11 {Der Läufer pendelt zwischen f2 und e1;
ansonsten zwischen e3 und d2.}) 43... Bxc5+ 44. Be3 Bd6 45. Bf4 Bc5+ 46. Be3
Bf8 (46... Bd6 47. Bf4 $11) 47. Bf4 Kf5 48. Ke3 Bg7 (48... Bc5+ 49. Kd3 $11)
49. Kd3 Bf6 50. Bb8 Ke6 51. Bf4 Bg7 52. Bb8 d4 53. cxd4 Kd5 54. Ba7 Bh6 55. Bb8
Bg7 (55... Bc1 56. Kc3 Be3 57. Be5 Bc1 $11) 56. Ba7 Bf8 57. Bb8 b4 58. axb4
Bxb4 59. Bf4 Be1 60. Be5 Bf2 61. Kc3 Be1+ 1/2-1/2

[Event "Linares 16th"]
[Site "Linares"]
[Date "1999.03.10"]
[Round "14"]
[White "Ivanchuk, Vassily"]
[Black "Svidler, Peter"]
[Result "1/2-1/2"]
[WhiteElo "2714"]
[BlackElo "2713"]
[Annotator "Tsesarsky,I"]
[PlyCount "137"]
[EventDate "1999.02.21"]
[EventType "tourn"]
[EventRounds "14"]
[EventCountry "ESP"]
[EventCategory "20"]
[SourceTitle "CBM 070"]
[Source "ChessBase"]
[SourceDate "1999.06.08"]
[SourceVersion "1"]
[SourceVersionDate "1999.06.08"]
[SourceQuality "1"]

{[%mdl 5376]} 1. e4 e5 2. Nf3 Nc6 3. Nc3 (3. Bc4 Nf6 4. Nc3 Nd4 $2 5. Nxe5 (5.
d3 Bc5 6. Nxe5 $16 (6. Bg5 d6 $11 (6... O-O 7. Nxe5 $16 {1-0
Florianova-Mulisova/CZE-chJW Svetla ,EXT 1994 (24)}))) 5... Qe7 6. Nxf7 Rg8 7.
Ng5 Rh8 8. O-O $18 {1-0 Vaupotic,M-Ozdemir,O/ch World cadets g (under 1994 (36)
}) 3... Nf6 4. Bb5 Nd4 5. Bc4 c6 $2 $16 {This variation is bad for Black.} (
5... Nxe4 $2 6. Nxd4 $5 (6. Nxe4 d5 7. Bxd5 $2 (7. Nxe5 $1 Qe7 (7... dxc4 8.
Nxc4 Qe7 9. d3 f5 10. Be3 fxe4 11. Bxd4 exd3+ 12. Ne3 dxc2 13. Qxc2 Be6 14. O-O
c5 (14... O-O-O 15. Bxa7 $16 b6 16. Bxb6) 15. Bc3 Qf7 (15... O-O-O 16. b4 c4 (
16... cxb4 17. Bxg7+ $18) 17. Rfd1 $16 {[%csl Rc8,Rf8]}) 16. Rad1 Be7 (16...
Bxa2 17. Qa4+ $18) 17. Qa4+ Kf8 18. b3 Kg8 19. Nc4 a6 (19... h6 20. Nb6 Rf8 21.
Qxa7 $16) 20. Nd6 Bxd6 21. Rxd6 Re8 22. Re1 h6 23. Qe4 Bd7 24. Qxb7 Rxe1+ 25.
Bxe1 $18) 8. O-O Qxe5 9. Nc3 dxc4 (9... Nf3+ 10. Qxf3 dxc4 11. d4 cxd3 12. Bf4
$18) 10. Re1 Qxe1+ 11. Qxe1+ Be6 12. Qe5 O-O-O 13. Nb5 Nxb5 14. Qxb5 Be7 15. b3
Bf6 16. Rb1 c3 17. d3 $16) 7... Qxd5 8. d3 f5 9. Ned2 Bd7 10. O-O O-O-O 11.
Nxd4 exd4 12. Nb3 Bc6 13. f3 Bd6 $15 {1/2-1/2 Tashtanbekov,A-Koukov,V/
WchJM-U10 Bratislava 1993 (66)}) (6. Bxf7+ $2 Kxf7 7. Nxe4 (7. Nxe5+ Kg8 8.
Nxe4 Qe7 9. f4 d6 10. c3 Ne6 (10... Nf5 11. Qb3+ Be6 12. Qxb7 Re8 13. g4 (13.
Nc6 Qh4+ 14. Kd1 (14. g3 Nxg3 $1 $19) 14... Bd5 $1 $19) 13... Qh4+ 14. Kd1 dxe5
15. gxf5 Bxf5 16. d3 exf4 17. Bd2 $132) 11. Nf3 d5 12. Ng3 Nxf4+ 13. Kf1 $132)
7... Kg8 8. Nxd4 exd4 9. O-O d5 10. Ng3 Bd6 $132) 6... exd4 (6... Nd6 7. Ndb5
Nxc4 8. Nd5 Bd6 9. Qg4 Nb6 10. Qxg7 Rf8 11. Nf6+ Ke7 12. Nxh7 $18) 7. Bxf7+ (7.
Nxe4 d5 8. Qe2 dxe4 9. Qxe4+ Be7 10. O-O O-O 11. d3 Bd6 $11 {1-0 Bustos,
C-Iglesias,J/San Rafael ch-ARG jr 1992 (31)}) 7... Kxf7 8. Qh5+ g6 9. Qd5+ Ke8
10. Nxe4 Bg7 11. O-O $16 {[%csl Re8]}) (5... b5 $2 6. Bxb5 Nxb5 7. Nxb5 Nxe4 8.
Nxe5 $18 {1-0 Walker,H-Clare,P/cr Compuserve Fall95 1995 (16)}) (5... Nxf3+ 6.
Qxf3 Be7 $2 (6... d6 7. d3 (7. Nd5 c6 8. Nxf6+ Qxf6 9. Qxf6 gxf6 10. d3 $11 {
1-0 Dvalishvili Pavel S-Kazantsev Valentin/It (cat.8) Moscow (Russia) 1996 (55)
}) (7. h3 c6 8. a4 Be7 9. O-O O-O 10. d3 Be6 $11 {0-1 Roy Chowdhury,S-Hasan,K/
op, Calcutta IND 1996 (21)}) 7... Bg4 8. Qg3 Qd7 9. h3 Be6 10. Bg5 Be7 11. Bxe6
fxe6 12. Bxf6 Bxf6 13. O-O O-O $11 {1/2-1/2 Simagin,V-Ragozin,V/Moscow ch-RUS
1947 (60)}) (6... Bb4 7. Nd5 Nxd5 8. Bxd5 O-O 9. c3 Bc5 10. O-O c6 11. Bb3 $11
{1/2-1/2 Wall-Hayes,J/North Wilkesboro,NC 1976 (33)}) (6... Bc5 7. O-O d6 8. d3
(8. h3 Be6 9. d3 c6 10. Na4 Bxc4 11. dxc4 Qa5 12. Nxc5 Qxc5 $11 {1/2-1/2 Van
Eekhout,M-De Koeyer,F/Vlissingen op 1996 (25)}) 8... c6 9. Bg5 h6 10. Be3 Bg4
11. Qg3 Bd4 12. h3 Bh5 13. f4 (13. Qxg7 Rg8 14. Qxh6 Rg6 15. Qh8+ Rg8 $11)
13... exf4 14. Qxf4 Qb6 15. Bxd4 Qxd4+ 16. Qf2 Qxf2+ 17. Rxf2 O-O-O $11 {
0-1 Van der Veen,T-Van Gool,R/Venlo 1988 (58)}) (6... c6 7. O-O d6 8. Re1 Be7
9. d3 O-O 10. Bg5 Be6 11. Bb3 Qd7 $11 {1-0 Persson,R-Blomstrom,L/SWE-chB
Borlange ,EXT 1995 (59)}) 7. Qg3 $1 (7. d3 $2 d6 $11) 7... O-O 8. Qxe5 Ng4 9.
Qg3 d5 10. Nxd5 Bd6 11. f4 $16 {1-0 Parrino,G-Damasco,R/Italy chW Formia 1992 
(57)}) (5... d6 6. Ng5 (6. h3 Be7 (6... c6 7. O-O Be7 8. d3 O-O $132) 7. d3 O-O
(7... c6 8. Nxd4 exd4 9. Ne2 b5 10. Bb3 c5 11. a4 b4 12. Nf4 Bb7 13. O-O O-O
$132 {0-1 Rodriguez,A-Apanaviciute,K/Eu Youth gu18, Mureck AUT 1998 (56)}) 8.
Be3 c5 9. Nd5 Be6 10. c3 Bxd5 11. Bxd5 Nxd5 12. exd5 Nf5 $11 {0-1 Hauss,
C-Pommerin,B/RLPF-chJW U17 ,GER 1989 (40)}) (6. d3 Bg4 7. Be3 c6 8. Bxd4 exd4
9. Ne2 d5 10. exd5 Bxf3 11. gxf3 Nxd5 $15 {0-1 Mrva Martin-Marciano David/Ch
Croatia (team) (2nd league), Tucepi 1996 (33)}) 6... Ne6 7. d4 Nxg5 $1 (7...
exd4 8. Nxe6 Bxe6 9. Qxd4 Be7 10. Bxe6 (10. Bg5 a6 11. O-O-O Qc8 12. Rhe1 $14 {
1-0 Jonas,R-Stark,H/RLNN 1988 (56)}) 10... fxe6 11. e5 dxe5 12. Qxe5 Qd7 13.
Qe2 O-O 14. O-O $14 {0-1 Bocksberger,S-Mathe,G/St.Ingbert ,EXT 1987 (25)}) 8.
Bxg5 Be7 9. O-O O-O 10. Qd3 c6 11. a4 Qb6 $11 {0-1 Panov,V-Yudovich/Moscow
1936 (40)}) 6. Nxe5 (6. d3 Qa5 (6... b5 7. Bb3 Qa5 (7... Nxb3 8. axb3 d6 $132)
(7... Nxf3+ 8. Qxf3 a5 9. a3 d6 10. O-O a4 11. Ba2 Be7 $11) 8. Nxe5 (8. Bd2 Qc7
9. O-O b4 10. Ne2 Nxf3+ 11. gxf3 g5 $1 $15 {[%csl Rf2,Rf3,Rg1]}) 8... Nxb3 9.
cxb3 b4 10. Nc4 Qd8 11. Ne2 d5 $44) 7. Bd2 Bb4 8. Bb3 (8. a3 Nxf3+ 9. Qxf3 d6 (
9... Be7 10. Nd5 Qd8 11. Nxe7 Qxe7 12. Bg5 $14) (9... d5 10. exd5 Bg4 (10...
cxd5 11. Ba2 $16) 11. Qg3 $16) 10. O-O Bxc3 11. Bxc3 $14) 8... Nxb3 9. axb3 Qc7
10. O-O Be7 (10... d6 11. Nb5 cxb5 12. Bxb4 O-O $132) (10... Bxc3 11. bxc3 d6
$11) (10... Bc5 11. Bg5 Be7 $11) 11. h3 O-O 12. Ne2 d5 $132 {1/2-1/2 Conquest,
S-Hebden,M/Hastings 1996/CBM 57/[Tsesarsky] (63)}) 6... d5 7. exd5 Bd6 (7...
cxd5 8. Bb5+ Nxb5 9. Nxb5 a6 10. Qe2 Be7 11. Nd4 O-O 12. O-O Re8 13. Ndf3 Qc7
14. d4 Bf5 15. c3 $16 {1-0 Nimzowitsch,A-Levenfish,G/It, St. Petersburg 
(Russia) 1913 (57)}) 8. Nf3 (8. Nxf7 Kxf7 (8... Qe7+ 9. Ne2 (9. Kf1 Qxf7 $17)
9... Kxf7 10. dxc6+ Be6 11. Bxe6+ Qxe6 12. d3 (12. cxb7 Rae8 $19) 12... Rhe8
13. Be3 Nxc6 $15) 9. dxc6+ Kf8 10. d3 Bg4 (10... Nxc6 $15) 11. f3 Qe7+ 12. Ne4
Nxe4 13. dxe4 Bc5 14. cxb7 Rd8 15. b8=Q (15. fxg4 Qxe4+ 16. Kf1 Ke7 17. Bg5+
Kd6 18. Be2 Rdf8+ 19. Bf3 Kc7 20. Qd3 Nxf3 21. Qxe4 Nd2+ 22. Ke2 Nxe4 $17)
15... Rxb8 16. Be3 $1 (16. c3 Qh4+ 17. Kd2 Qf2+ 18. Kd3 Nc6 19. Qe2 (19. Bf4
Rxb2 $19 {0-1 Schubert,H-Baturinsky,V/cr EUR/M 1960 (21)}) 19... Ne5+ 20. Kc2
Bxf3 21. gxf3 Nxc4 22. Qxf2 Bxf2 $15) (16. fxg4 Qxe4+ 17. Kf1 Ke7 $19) 16...
Nxf3+ 17. gxf3 Bxe3 18. fxg4 Qh4+ 19. Ke2 Qf2+ 20. Kd3 Bf4 21. Qe2 $18) 8...
Nxf3+ 9. Qxf3 O-O 10. h3 b5 $5 $146 {This active move also doesn't solve
Black's problems.} (10... Re8+ $5 11. Kd1 $1 $16 (11. Be2 cxd5 12. d4 (12. Nxd5
$5 Nxd5 13. Qxd5 Be6 (13... Qc7 14. c3 Be6 15. Qf3 $16) 14. Qf3 Qa5 15. O-O Qe5
16. Qg3 Qxg3 17. fxg3 Bxh3 18. Bb5 Re5 19. gxh3 Rxb5 20. c4 $16) 12... Qb6 13.
Qd3 (13. O-O Bb8 14. Bb5 Rd8 15. Bg5 (15. Bf4 $2 Qxd4 16. Bxb8 Rxb8 17. Bd3 Be6
18. Rab1 $11 {1/2-1/2 Podlesnik,B-Polgar,Z/Ljubljana 1994 (19)}) 15... Qxd4 16.
Rfd1 Qe5 17. Bxf6 gxf6 18. Nxd5 $16) 13... Bc7 14. O-O Qd6 15. f4 Bd7 16. Bf3
a6 17. Bd2 $16)) 11. Be2 b4 12. Ne4 (12. Nd1 cxd5 13. O-O Bc7 $44 {[%csl Rh2]
[%cal Gd8d6]}) 12... Nxe4 13. Qxe4 cxd5 14. Qf3 $1 (14. Qxd5 $2 Re8 (14... Be6
15. Qh5 g6 16. Qf3 Re8 17. O-O Bd5 18. Qd3 Be4 19. Qa6 Re6 $8 $36 {[%csl Ra6,
Rc1][%cal Gd6h2]}) 15. Qxa8 Rxe2+ 16. Kd1 (16. Kxe2 Ba6+ $19) (16. Kf1 $2 Qe8 (
16... Bc5 $1 17. Qf3 (17. d4 Bxd4 18. Be3 Rxe3 $19) 17... Rxf2+ 18. Qxf2 Bxf2
19. Kxf2 Qd4+ $11) 17. g4 Rxd2 18. Kg2 Rxc2 19. Be3 Qxe3 20. Qxc8+ Rxc8 21.
fxe3 Rc2+ 22. Kf3 Rxb2 23. Rhd1 Bf8 24. Rac1 $18) 16... Rxf2 17. Qe4 Bf5 18.
Qe3 Rxg2 19. Qf3 Qg5 20. d3 Rg1+ (20... Qg6 21. Bd2 $16) 21. Ke2 (21. Rxg1
Qxg1+ 22. Kd2 Qh2+ 23. Kd1 Bxh3 24. Be3 h5 25. Kc1 Bg2 $17 (25... Bg4 26. Qa8+
Kh7 27. Kb1 f5 $17)) 21... Qg2+ (21... Rg2+ 22. Kf1 $16) 22. Qxg2 Rxg2+ 23. Kd1
g5 24. a3 b3 $1 {[%csl Ra1,Rd1]} 25. cxb3 Bxd3 26. Bd2 f5 27. Rc1 f4 $132)
14... Qc7 (14... Be6 15. d4 Rc8 16. Bd3 Re8 17. O-O Qh4 18. Be3 $16) 15. O-O (
15. c4 dxc4 16. Qxa8 Bb7 17. Qxa7 Bc5 18. Qa4 Bxg2 19. Rg1 Qh2 20. Rxg2 Qxg2
21. Kd1 Qh1+ (21... Ra8 22. Qb5 Qh1+ (22... b3 23. Bxc4 Qg1+ 24. Bf1 Rxa2 25.
Rb1 $16) 23. Kc2 Qe4+ $11) 22. Kc2 Qe4+ 23. Kd1 Bxf2 24. Qxb4 Qh1+ 25. Kc2 Qe4+
26. Kd1 $11) 15... d4 $2 $18 (15... Bb7 $5 16. Bd3 (16. d4 Qxc2 17. Bd3 Qc7 18.
Be3 $11) 16... Rfe8 17. b3 Bh2+ 18. Kh1 Be5 19. Rb1 Qa5 20. Bb2 Bxb2 (20...
Qxa2 21. Bxh7+ (21. Bxe5 Rxe5 22. Qf4 $16) 21... Kxh7 22. Qf5+ Kg8 23. Bxe5
Rac8 24. Qg5 $18) 21. Rxb2 Re5 22. c3 $1 (22. c4 $2 Rae8 23. cxd5 Bxd5 $44)
22... Rae8 (22... bxc3 23. dxc3 Qxc3 24. Bxh7+ $18) 23. cxb4 Qxb4 24. Rc2 d4
25. Qg3 $16) 16. Qxa8 (16. Qe4 $2 Bc5 (16... Bb7 17. Qxd4 Rfe8 18. Qc4 Rac8 19.
Qxc7 Rxc7 20. Bd3 $16) 17. Bd3 g6 18. Qxa8 Bb7 19. Qxf8+ Kxf8 $44) 16... Bb7
17. Qxa7 Bc5 18. Qxb7 $2 $16 (18. Qa4 $1 d3 $5 {Seems very dangerous, but...}
19. Qb5 $1 (19. Bxd3 Qg3 $19) (19. Bf3 Bxf3 20. gxf3 Qg3+ 21. Kh1 Qxh3+ 22. Kg1
Qg3+ 23. Kh1 Qxf3+ $19) 19... Qg3 (19... dxe2 20. Qxe2 Qg3 21. Qg4 $18) 20.
Qxb7 dxe2 21. d4 Bxd4 22. Bd2 exf1=Q+ 23. Rxf1 $18) 18... Qxb7 19. Bd3 Qb8 (
19... Re8 20. a4 b3 21. Bb5 $16) 20. b3 $2 $14 (20. a4 $1 $16 {[%csl Ya4][%cal
Ga4a6,Gd3a6]} bxa3 (20... Qf4 21. Re1 (21. a5 $2 Bd6 22. g3 Qf3 23. Re1 (23. a6
Bxg3 $11) 23... Bxg3 24. fxg3 Qxg3+ 25. Kf1 Qf3+ $11) 21... Bd6 22. g3 Qf3 23.
Be4 $16) 21. bxa3 Re8 (21... Qf4 22. Re1 Bd6 23. g3 Qf3 24. Be4 Qh5 25. Kg2 $16
) 22. a4 Qf4 23. a5 h5 24. a6 Re7 25. Ba3 $16) 20... Qf4 21. Bb2 Bd6 22. g3 Qg5
(22... Qf3 23. Rae1 Bxg3 24. Be4 $18) (22... Qxd2 23. Bxd4 $14) 23. Kh2 h5 (
23... Qxd2 $14) 24. f4 Qd5 {[%cal Gh5h4]} 25. h4 Re8 (25... Ra8 $14) 26. a4 Bc7
{[%csl Ga5]} (26... bxa3 27. Bxa3 Bxa3 28. Rxa3 $16) 27. a5 $6 $11 (27. Rfe1
Rxe1 28. Rxe1 Kf8 29. Re4 Bb6 30. Re5 (30. Kg1 g6 (30... f5 31. Re5 Qf3 32.
Rxf5+ Ke7 33. Re5+ Kd6 34. Kh2 Qf2+ 35. Kh3 Qg1 36. Be4 $18) 31. Kf2 f5 32. Re1
(32. Re5 Qh1 $14) 32... Qc6 (32... Kg7 33. Bc4 Qc6 34. Re6 Qh1 35. Bf1 Bc5 36.
Re5 Bd6 37. Re1 (37. Bxd4 Bxe5 38. Bxe5+ Kf7 39. a5 Qe4 40. Bd3 Qh1 $44) 37...
Qh2+ 38. Bg2 Bxf4 39. gxf4 Qxh4+ 40. Ke2 Qg4+ 41. Bf3 Qxf4 42. a5 Qe5+ 43. Kf1
Qxa5 44. Bxd4+ Kh6 45. Ra1 Qb5+ 46. Kf2 $14) 33. Ra1) 30... Qf3 $14) 27... Bxa5
28. Bxd4 Qxd4 29. Rxa5 Rc8 {[%csl Rc3]} (29... g6 $14) 30. Re5 Qd6 31. Rfe1 g6
32. f5 gxf5 33. Bxf5 Rc5 34. Re8+ Kg7 35. Bd3 Rd5 {[%csl Rd3][%cal Gd5d3]} 36.
R8e3 (36. R1e3 Rd4 37. Kg2 Qc6+ $14) 36... Rd4 37. Kh3 Qd7+ 38. Kg2 Qd5+ 39.
Kf2 Qc5 40. R1e2 Rd5 41. Kg2 Rd6 42. Kh2 (42. Re4 Rd4 43. Rxd4 Qxd4 44. Re4 Qd5
$14) 42... Qc6 43. Re4 Qc5 44. Re5 Rd5 45. R5e3 Qd6 46. Rf2 f6 47. Kg2 Re5 48.
Rf4 $2 (48. Rxe5 $5 Qxe5 49. Rf5 Qe1 50. Rxh5 Qxd2+ 51. Kh3 Qd1 (51... Kf7 52.
Rh7+ Ke6 53. h5 Qg5 54. Rh8 f5 55. h6 Qg4+ 56. Kg2 f4 (56... Qd4 57. Rf8 $18)
57. Rg8 $1 $18) 52. Rf5 (52. Rh7+ Kg8 53. h5 Qh1+ 54. Kg4 Qd1+ 55. Kf4 Qc1+ 56.
Kg4 Qd1+ $11) 52... Qh1+ 53. Kg4 Qd1+ 54. Rf3 $16) 48... Qc6+ 49. Kg1 Rxe3 50.
dxe3 $44 Qc3 51. Kf2 Qd2+ 52. Be2 Qxc2 53. Rxb4 Qf5+ (53... Kg6 54. Rb5 Kf7 55.
b4 Qd2 56. Rb7+ Kg6 57. b5 Qd5 58. Bf3 Qd2+ 59. Be2 Qd5 $11) 54. Rf4 Qc2 55. b4
Kg6 56. b5 Kg7 57. Rc4 Qf5+ 58. Rf4 Qc2 {White can't take Ph5 with R...} 59. g4
hxg4 60. Rxg4+ Kh6 61. Rf4 Kg6 62. h5+ Kg7 63. Rg4+ Kh7 64. Rc4 Qf5+ 65. Rf4 (
65. Ke1 Qe5 66. Kd2 Qb2+ 67. Ke1 Qe5 $11) 65... Qe5 66. Bd3+ Kh6 67. Be2 Kh7
68. Rd4 Qf5+ 69. Rf4 1/2-1/2

[Event "Mario Covas 2nd"]
[Site "Santos"]
[Date "2002.02.22"]
[Round "3"]
[White "Crosa Coll, Martin"]
[Black "Zarnicki, Pablo Adrian"]
[Result "0-1"]
[WhiteElo "2393"]
[BlackElo "2493"]
[Annotator "Tsesarsky,I"]
[PlyCount "58"]
[EventDate "2002.02.20"]
[EventType "tourn"]
[EventRounds "9"]
[EventCountry "BRA"]
[EventCategory "9"]
[SourceTitle "CBM 088"]
[Source "ChessBase"]
[SourceDate "2002.03.21"]
[SourceVersion "1"]
[SourceVersionDate "2002.03.21"]
[SourceQuality "1"]

1. e4 e5 2. Nf3 Nf6 3. Nc3 Nc6 4. Bb5 Bc5 5. O-O O-O 6. Nxe5 Nxe5 7. d4 Bd6 8.
f4 Neg4 (8... Nc6 9. e5 Bb4 (9... a6 10. Be2 Bb4 (10... Be7 11. d5 Nxd5 12.
Nxd5 d6 13. Nxe7+ Qxe7 14. exd6 cxd6 15. f5 $14 {1-0 Short,N-Adams,M/ENG 1991/
CBM 28 (41)}) 11. d5 Bc5+ 12. Kh1 Nxd5 13. Nxd5 d6 $132 {1-0 Short,N-Adams,M/
ENG 1991/CBM 28 (37)}) (9... Be7 {-mainline.}) 10. d5 Bxc3 11. bxc3 Ne4 12. Qf3
f5 13. dxc6 bxc6 14. Bd3 d5 15. exd6 cxd6 16. Bxe4 fxe4 17. Qxe4 Ba6 $132 {
1/2-1/2 Marciano,D-Kosten,A/Belfort 1997/CBM 62 (66)}) 9. h3 (9. e5 Bb4 10.
exf6 Nxf6 11. Qf3 d5 12. f5 c6 13. Bd3 Re8 14. Bg5 Be7 15. Rae1 Bd7 16. Ne2 Qb6
17. b3 c5 $132 {0-1 Vehi Bach,V-Korneev,O/Mirabal ESP 2001/The Week in Chess 
(35)}) (9. Be2 Bb4 10. Bxg4 Bxc3 11. bxc3 Nxe4 12. Bf5 Re8 13. Bxe4 Rxe4 14. f5
d5 15. f6 $132 {1/2-1/2 Markovic,M-Beliavsky,A/Herceg Novi 2000/EXT 2001 (41)})
9... c5 $5 10. d5 $4 $19 {[%mdl 8192] After this serious mistake Bb5 will be
cought.} ({Right was} 10. hxg4 $1 cxd4 11. Qxd4 Bc7 12. Qd3 (12. Qd1 $2 Bb6+
13. Kh2 Nxe4 {[%csl Rh2][%cal Gd8h4]} 14. g5 Nxc3 15. bxc3 $15) 12... Bb6+ 13.
Kh1 Nxg4 (13... d5 $2 14. g5 $1 Nxe4 15. Nxe4 dxe4 16. Qxe4 Qd4 $16 ({Not} 
16... f6 $2 17. Bc4+ Kh8 18. f5 fxg5 19. f6 gxf6 20. Bxg5 $18)) 14. Qg3 f5 15.
Be2 (15. Bc4+ d5 16. Bxd5+ Kh8 17. e5 Bd4 {[%csl Rd5][%cal Gd4c3]} 18. Bf3 Qb6
19. Nd1 Be6 $44) 15... Qe8 16. Bxg4 fxg4 17. Be3 $14) 10... c4 $1 {[%cal Gd6c5]
} 11. hxg4 Bc5+ 12. Kh2 Nxe4 {[%csl Rh2][%cal Gd8h4]} 13. g5 (13. Qf3 Nd6 $19 {
[%csl Rb5][%cal Ga7a6,Gb7b5]}) 13... Nd6 {[%csl Rb5]} 14. Rf3 (14. Qe2 Re8 $19)
14... a6 15. Bxc4 Nxc4 16. Ne4 d6 17. Qd3 Nb6 (17... b5 $19) 18. b4 Bxb4 19.
Bb2 Bc5 20. Nf6+ gxf6 21. Bxf6 Qd7 22. f5 Qb5 23. Qd2 Qb4 24. c3 Qg4 25. Rf4
Nc4 26. Rxc4 Qxc4 27. g6 fxg6 28. Qh6 Rxf6 29. Re1 Bxf5 0-1